[Event "Tri Buki Children's CupT 1st"]
[Site "Tri Buki"]
[Date "2016.02.07"]
[Round "6.4"]
[White "Paraschiv, Petronela Alexandra"]
[Black "Chan, Dzhi"]
[Result "1/2-1/2"]
[WhiteElo "1548"]
[BlackElo "1236"]
[PlyCount "63"]
[EventDate "2016.02.04"]
[EventType "team-swiss"]
[EventRounds "6"]
[EventCountry "BUL"]
[SourceTitle "CBM 170 Extra"]
[Source "ChessBase"]
[SourceDate "2016.02.25"]
[SourceVersion "1"]
[SourceVersionDate "2016.02.25"]
[SourceQuality "1"]

1. c4 e6 2. g3 g6 3. Bg2 Bg7 4. Nc3 Nf6 5. d3 Nc6 6. e4 d6 7. Nge2 0-0 8. 0-0 e5 9. h3 Be6 10. Nd5 h6 11. Kh2 Bxd5 12. cxd5 Ne7 13. Be3 c6 14. dxc6 Nxc6 15. Qd2 Kh7 16. Rac1 Nd4 17. Nxd4 exd4 18. Bxd4 Ng4+ 19. hxg4 Bxd4 20. f4 Bf6 21. Bf3 g5 22. f5 Rc8 23. Rxc8 Qxc8 24. Rc1 Qd7 25. Qc2 Qb5 26. b3 Qe5 27. Kg2 Qb2 28. Qxb2 Bxb2 29. Rc7 Kg7 30. Bd1 Rd8 31. Kf3 d5 32. Rc2 1/2-1/2

[Event "Tri Buki Children's CupT 1st"]
[Site "Tri Buki"]
[Date "2016.02.05"]
[Round "2.4"]
[White "Kanov, Nikola"]
[Black "Chan, Dzhi"]
[Result "0-1"]
[WhiteElo "1117"]
[BlackElo "1236"]
[PlyCount "84"]
[EventDate "2016.02.04"]
[EventType "team-swiss"]
[EventRounds "6"]
[EventCountry "BUL"]
[SourceTitle "CBM 170 Extra"]
[Source "ChessBase"]
[SourceDate "2016.02.25"]
[SourceVersion "1"]
[SourceVersionDate "2016.02.25"]
[SourceQuality "1"]

1. e4 e6 2. d4 d5 3. e5 c5 4. c3 Bd7 5. Nf3 Nc6 6. Be2 Nge7 7. 0-0 Ng6 8. Re1 Be7 9. Nbd2 0-0 10. Nf1 f6 11. Bf4 cxd4 12. cxd4 fxe5 13. Bxe5 Ncxe5 14. Nxe5 Nxe5 15. dxe5 Bc5 16. Bf3 Qb6 17. Qc2 Be8 18. Rec1 Rc8 19. Ng3 Bg6 20. Qe2 Be4 21. Rc3 Bxf3 22. gxf3 Bd4 23. Rb3 Qa6 24. Qxa6 bxa6 25. Re1 Rc2 26. Re2 Rxe2 27. Nxe2 Bxe5 28. Ra3 Bxb2 29. Rxa6 Rxf3 30. Rxe6 d4 31. Kg2 Ra3 32. Rd6 Rxa2 33. Nxd4 Bxd4 34. Rxd4 a5 35. Rf4 a4 36. Kf3 a3 37. Kg3 Ra1 38. Kg2 a2 39. Ra4 Kf7 40. Kf3 Ke6 41. Ke3 Re1+ 42. Kf3 a1Q 0-1